000 00419nam a22001457a 4500
005 20180726132556.0
020 _a817648461X
_c00.00
035 _aB-91410, B-091409
037 _aDPL
_bENG
100 _aChitkara, M.G.
245 _aHindutva parivar /
_cby M.G. Chitkara
260 _aNew Delhi
_bA P H Publishing Corporation
_c2003
300 _axi, 259p.
_c20 cms.
942 _2ddc
_cEN
_h305.89143
_mCHI
999 _c65419
_d65419